Sanat - "Beibi" - Haloo Helsinki! - Statistics

Yleistilastot
  • Tätä visaa on pelattu 80 kertaa
  • Keskiarvotulos 188 / 281
Vastaustilastot
Hint Vastaus % Oikein
94%
Chorus Beibi
93%
beibi
93%
mitä
91%
mun
91%
taas
89%
jo
87%
mut
85%
muut
85%
oo
85%
räjäytä
85%
sun
83%
tässä
83%
punaista
81%
suudella
81%
suuta
81%
et
80%
jos
80%
Bridge Jos
80%
mitään
80%
muuta
80%
oot
80%
ei
78%
ja
78%
on
78%
tää
78%
teet
76%
aamuhämärässä
74%
74%
Outro
74%
saat
74%
tarvii
74%
kello
72%
Verse 1 Kuka
72%
edessäni
70%
se
70%
viis
70%
avaruus
69%
kun
69%
mee
69%
naapuri
69%
en
67%
huus
67%
kuus
67%
lyö
65%
meidän
65%
paluuta
65%
silmiis
65%
takas
65%
kiinni
63%
hiffaa
61%
katsot
61%
mikä
61%
mua
61%
niin
61%
ohi
61%
oi
61%
tunne
61%
vaikka
61%
hiljempaa
59%
olkaa
59%
oon
59%
pelkään
59%
aamuyö
57%
heroiini
57%
joita
57%
katseet
57%
kuin
57%
mietin
57%
toisin
56%
maailmaa
52%
muutetaan
52%
uppoon
52%
muhun
50%
tartu
50%
lähden
46%
tähän
46%
puolielämässä
44%
olla
43%
arvoinen
41%
mulle
41%
nähden
41%
ole
41%
oli
41%
onnellinen
41%
sen
41%
silmin
41%
vaan
41%
muiden
39%
pois
39%
sua
39%
tähden
39%
uhkarohkeemmaks
39%
aion
37%
kaks
37%
kohtaa
37%
tai
37%
tehnyt
37%
yhä
37%
pelko
35%
piiloon
35%
siitä
35%
tuli
35%
yli
35%
aina
33%
huumaa
33%
kätke
33%
kiellettyä
33%
niitä
33%
rakastuin
33%
rautamuurin
33%
selkään
33%
sut
33%
tuhat
33%
tulee
33%
kaikkein
31%
käsi
31%
muutu
31%
paremmaks
31%
pyyhi
31%
silmät
31%
suurin
31%
takana
31%
ilman
30%
kuumaa
30%
nään
30%
voima
30%
kuinka
28%
meille
28%
näytä
28%
sulle
28%
tatuois
28%
kävin
26%
Verse 2 Suhteet
26%
tehty
26%
tiesin
24%
tiesit
22%
vihdoin
20%
Ehtoja vastaavia visoja ei löytynyt
Tulosjakauma
Jokaisen tuloksen saaneiden osuus
Persentiili vastausten määrän mukaan
Tuloshistoriasi
Et ole pelannut tätä visaa